LEADER 00749nam a2200193 i 4500 001 000000252779 003 CaOOAMICUS 005 20170206000000.0 008 170206s1820 it u000 u ita u 013 $a231684 026 $ainto e-ci r-t, taqu (3) 1820 (A) 040 $aSeMil$bita 245 10$aVol. 2. 300 $a126, [2] p. 500 $aSegn.: [a]-h8. 773 0 $tDizionario della musica sacra e profana dell'abate Pietro Gianelli s.v. Volume 1. [-7.].$bSeconda edizione corretta ed accresciuta dall'autore.$dVenezia : Dalla tipografia Andrea Santini e figlio, 1820.$g2$w()22477 850 $aSeMil 852 $aSeMil$W1$xVenegono$y1$m3Q I 3 FA$j203125$B203125$CSeMilBibl$Z2$F215833 $8I 996 $6245$aVol. 2$9(OLS)http://semarc/title/13458 LEADER 00879nam a2200217 i 4500 001 000000206893 003 CaOOAMICUS 005 20111014000000.0 008 111014n it u000 u ita u 013 $a185667 040 $aSeMil$bita 100 1 $aCorradino, Corrado.$0(OLS)http://semarc/name/63391 245 12$aI canti dei goliardi, o Studenti vaganti del Medio-Evo /$cCorrado Corradino. 260 $aTorino ; Roma :$bL. Roux,$c[1892] 300 $aXLIV, 211 p. ;$c19 cm. 500 $aEx libris E. Galli. 650 4$aPoesia italiana - Sec. 20.$0(OLS)http://semarc/subject/8782 850 $aSeMil 852 $aSeMil$W1$xVenegono$y1$m1S V 26 FA$j157356$B157356$CSeMilBibl$Z2$F168646 $8I 996 $6245$aI canti dei goliardi, o Studenti vaganti del Medio-Evo$9(OLS)http://semarc/title/299181 996 $6260$aTorino ; Roma :$bL. Roux$9(OLS)http://semarc/publisher/52134